5HLuxD.jpg

KING HENRY VIII SENIOR AND PRIMARY SCHOOL LIBRARY OPAC

Bayport buccaneers / (Record no. 3895)

000 -LEADER
fixed length control field 01296cam a22003733a 4500
001 - CONTROL NUMBER
control field 15366124
003 - CONTROL NUMBER IDENTIFIER
control field OSt
005 - DATE AND TIME OF LATEST TRANSACTION
control field 20241118152614.0
008 - FIXED-LENGTH DATA ELEMENTS--GENERAL INFORMATION
fixed length control field 070607s2007 nyu c 000 1 eng d
010 ## - LIBRARY OF CONGRESS CONTROL NUMBER
LC control number 2006937858
020 ## - INTERNATIONAL STANDARD BOOK NUMBER
International Standard Book Number 9781416934035 (pbk.) :
035 ## - SYSTEM CONTROL NUMBER
System control number (OCoLC)ocn143608583
040 ## - CATALOGING SOURCE
Original cataloging agency OCP
Transcribing agency OCP
Modifying agency LEO
-- BAKER
-- IK6
-- UPZ
-- BTCTA
-- DLC
-- KH8
042 ## - AUTHENTICATION CODE
Authentication code lccopycat
082 ## - DEWEY DECIMAL CLASSIFICATION NUMBER
Classification number FIC DIC
100 1# - MAIN ENTRY--PERSONAL NAME
Personal name Dixon, Franklin W.
Relator term author.
245 10 - TITLE STATEMENT
Title Bayport buccaneers /
Statement of responsibility, etc. Franklin W. Dixon.
250 ## - EDITION STATEMENT
Edition statement 1st Aladdin Paperbacks ed.
260 ## - PUBLICATION, DISTRIBUTION, ETC.
Place of publication, distribution, etc. New York :
Name of publisher, distributor, etc. Aladdin Paperbacks,
Date of publication, distribution, etc. 2007.
300 ## - PHYSICAL DESCRIPTION
Extent 163 p. ;
Dimensions 20 cm.
490 0# - SERIES STATEMENT
Series statement Hardy boys undercover brothers ;
Volume/sequential designation #16
520 ## - SUMMARY, ETC.
Summary, etc. Frank and Joe investigate sabotage on the set of a pirate-themed reality television show.
521 1# - TARGET AUDIENCE NOTE
Target audience note 008-012.
650 #0 - SUBJECT ADDED ENTRY--TOPICAL TERM
Topical term or geographic name entry element Hardy Boys (Fictitious characters)
Form subdivision Fiction.
650 #0 - SUBJECT ADDED ENTRY--TOPICAL TERM
Topical term or geographic name entry element Reality television programs
Form subdivision Fiction.
650 #0 - SUBJECT ADDED ENTRY--TOPICAL TERM
Topical term or geographic name entry element Sabotage
Form subdivision Fiction.
650 #0 - SUBJECT ADDED ENTRY--TOPICAL TERM
Topical term or geographic name entry element Hardy Boys (Fictitious characters)
Form subdivision Juvenile fiction.
650 #0 - SUBJECT ADDED ENTRY--TOPICAL TERM
Topical term or geographic name entry element Pirates
Form subdivision Juvenile fiction.
650 #0 - SUBJECT ADDED ENTRY--TOPICAL TERM
Topical term or geographic name entry element Sabotage
Form subdivision Juvenile fiction.
655 #7 - INDEX TERM--GENRE/FORM
Genre/form data or focus term Mystery fiction.
Source of term gsafd
655 #7 - INDEX TERM--GENRE/FORM
Genre/form data or focus term Young adult fiction.
Source of term lcsh
710 2# - ADDED ENTRY--CORPORATE NAME
Corporate name or jurisdiction name as entry element Copyright Paperback Collection (Library of Congress)
Institution to which field applies DLC
942 ## - ADDED ENTRY ELEMENTS (KOHA)
Source of classification or shelving scheme
Koha item type Books - Fiction
Holdings
Withdrawn status Lost status Source of classification or shelving scheme Damaged status Not for loan Collection code Permanent Location Current Location Shelving location Date acquired Total Checkouts Full call number Barcode Date last seen Date last checked out Price effective from Koha item type
          Fiction KH8 Primary School Library KH8 Primary School Library Fiction 2024-11-18 1 FIC DIC KHPL000004599 2025-12-05 2024-11-21 2024-11-18 Books - Fiction

Powered By KH8 IT Dept